000 nam a22 7a 4500
999 _c7327
_d7327
008 170812b xxu||||| |||| 00| 0 eng d
020 _a978817700252
100 _aArora Sumita
_93865
245 _aComputer Science with C++ XI
250 _a7th edition
260 _aNew delhi
_bDhanapat Rai
_c2013